Movies Quiz

Random Movies Quiz
Score 0/6 Timer 10:00
0 Plays Today
Hint Answer % Correct
Female tribute of district 12Katniss Everdeen
100%
In love with Q1 answerPeeta Mellark
97.5%
Q1's best friendGale Hawthorne
97.5%
Young girl who teams with Katniss and diesRue
95%
Katniss' sisterPrimroe Everdeen
95%
From the fishing district, marries AnnieFinnick Odair
87.5%
Remove Ads.
Support Sporcle.
Get the best of Sporcle when you Go Orange. This ad-free experience offers more features, more stats, and more fun while also helping to support Sporcle. Thank you for becoming a member.

You're not logged in!

Compare scores with friends on all Sporcle quizzes.
OR
Log In

Show Comments

Extras

Created Jan 1, 2015ReportNominate
Tags:Character, Hunger

Top Quizzes Today


Score Distribution

Your Account Isn't Verified!

In order to create a playlist on Sporcle, you need to verify the email address you used during registration. Go to your Sporcle Settings to finish the process.

Report this User

Report this user for behavior that violates our Community Guidelines.

Details: